000 00523cam a2200157u 4500
082 _a355.42
_bNEE
_cD.
100 1 _aNeedham, John Layland,
_949592
245 1 4 _aThe solution of tactical problems;
_ba logical and easy way of working out the tactical schemes set at examinations,
250 _a11th ed.
260 _aLondon,
_bH. Rees, ltd.,
_c1917.
300 _axviii, 277 p.
_b7 fold. plans.
_c22 cm.
526 _a0
_b0
_c0
_d355_420000000000000_NEE
650 0 _aMCE
_9379
650 0 _aTactics.
_937945
942 _2ddc
_cBK
999 _c552380
_d552380